El diablo cojuelo
Guardado en:
| Hovedforfatter: | |
|---|---|
| Format: | Bog |
| Sprog: | Spanish |
| Udgivet: |
Madrid, España
Espasa-Calpe
1969
|
| Fag: | |
| Tags: |
Tilføj Tag
Ingen Tags, Vær først til at tagge denne postø!
|
MARC
| LEADER | 00000nam a2200000Ia 4500 | ||
|---|---|---|---|
| 008 | 170316s9999 xx 000 0 spa d | ||
| 999 | |c 10550 |d 10550 | ||
| 040 | |a cru BVZT | ||
| 090 | |a 862 V-16d | ||
| 100 | |a Vélez de Guevara, Luis | ||
| 130 | |a Clásicos castellanos |p 38 | ||
| 245 | |a El diablo cojuelo | ||
| 260 | |a Madrid, España | ||
| 260 | |b Espasa-Calpe | ||
| 260 | |c 1969 | ||
| 300 | |a 227 páginas | ||
| 650 | |a LITERATURA ESPAÑOLA |9 23 | ||
| 942 | |c 15 D |h 862 V-16d |2 z | ||
